| 000 | 01339nam1a22002411i 4500 | ||
|---|---|---|---|
| 001 | rc\3601427 | ||
| 005 | 20260407124138.0 | ||
| 035 | _a(NLR Aleph) 007812806 | ||
| 090 |
_a7718891 _c7718891 |
||
| 100 | _a20130115d1972 |||y0rusy50 ca | ||
| 101 | 0 | _arus | |
| 102 | _aRU | ||
| 105 | _ay ac ||||| | ||
| 200 | 1 |
_aПроизводство плит _eБиблиогр. указ. отеч. и иностр. литературы... _fВсесоюз. науч.-исслед. и проектный ин-т экономики, организации управления производством и информации по лесной, целлюлозно-бум. и деревообрабатывающей пром-сти "ВНИПИЭИ-Леспром". Центр. науч.-техн. б-ка лесной и бум. пром-сти "ЦНТБ" |
|
| 210 |
_aМосква _cБ. и. _d1972 |
||
| 215 | _d21 | ||
| 606 |
_aПлиты _xПроизводство _jУказатели литературы _2psbo |
||
| 712 | 0 | 2 |
_aЦентральная научно-техническая библиотека лесной и бумажной промышленности _cМосква _3RU\NLR\AUTH\889964987 _9426185 |
| 801 | 0 |
_aRU _bNLR _gpsbo |
|
| 801 | 1 |
_aRU _bELAR _2rusmarc |
|
| 852 |
_aNLR _jс769Дер-410/П-80 |
||
| 942 | _cBOOK | ||